00443nam a2200169 a 450000100060000000300090000600800410001502000150005604000280007108200160009910000270011524500290014226000460017130000110021765000220022865000230025018073CO-ViMGA141112s2004 ck r 000 u spa d a8482370383 aCO-ViMGAbspacCO-ViMGA04a863.6 T141b1 aTaibo II, Paco Ignacio10aLa bicicleta de Leonardo aBarcelona (España), cThassalia, c1996 a363.p.14aNOVELA ESPAÑOLA14aSECUESTRO - NOVELA